El nacimiento de la odontología : (Registro nro. 1922)

Detalles MARC
000 -CABECERA
campo de control de longitud fija 01120nam a2200265Ia 4500
003 - IDENTIFICADOR DEL NÚMERO DE CONTROL
campo de control AR-RoIUNI
005 - FECHA Y HORA DE LA ÚLTIMA TRANSACCIÓN
campo de control 20241122062916.0
007 - CAMPO FIJO DE DESCRIPCIÓN FÍSICA--INFORMACIÓN GENERAL
campo de control de longitud fija ta
008 - DATOS DE LONGITUD FIJA--INFORMACIÓN GENERAL
campo de control de longitud fija 150616s2010 ag r 000 0 spa d
020 ## - NÚMERO INTERNACIONAL ESTÁNDAR DEL LIBRO
Número Internacional Estándar del Libro 9789508923523
040 ## - FUENTE DE LA CATALOGACIÓN
Centro/agencia transcriptor AR-RoIUNI
Lengua de catalogación spa
Normas de descripción aarc2
080 ## - NÚMERO DE LA CLASIFICACIÓN DECIMAL UNIVERSAL
Número de la Clasificación Decimal Universal 616
100 1# - ENTRADA PRINCIPAL--NOMBRE DE PERSONA
Nombre de persona Botazzo, Carlos.
245 13 - MENCIÓN DE TÍTULO
Título El nacimiento de la odontología :
Resto del título una arqueología del arte dental /
Mención de responsabilidad, etc. Carlos Botazzo ; traducción, Viviana Martinovich.
250 ## - MENCIÓN DE EDICIÓN
Mención de edición 1a. ed.
260 ## - PUBLICACIÓN, DISTRIBUCIÓN, ETC. (PIE DE IMPRENTA)
Lugar de publicación, distribución, etc. Buenos Aires :
Nombre del editor, distribuidor, etc. Lugar,
Fecha de publicación, distribución, etc. 2010.
300 ## - DESCRIPCIÓN FÍSICA
Extensión 208 p. ;
Dimensiones 23 cm
504 ## - NOTA DE BIBLIOGRAFÍA, ETC.
Bibliografía, etc. Incluye bibliografía.
505 0# - NOTA DE CONTENIDO CON FORMATO
Nota de contenido con formato Capítulo 1. Michel Foucault y la cavidad bucal de los hombres -- Capítulo 2. La antigüedad del arte dental -- Capítulo 3. Medicina y cirugía: la operatoria dental en el siglo XVIII -- Capítulo 4. Arqueología de una formación embriológica -- Capítulo 5. La odontología como política -- Capítulo 6. El conocimiento a través de las manos.
600 1# - PUNTO DE ACCESO ADICIONAL DE MATERIA--NOMBRE DE PERSONA
Nombre de persona Foucault, Michel,
Fechas asociadas al nombre 1926-1984.
Subdivisión de forma CRÍTICA E INTERPRETACIÓN
650 #0 - PUNTO DE ACCESO ADICIONAL DE MATERIA--TÉRMINO DE MATERIA
Término de materia o nombre geográfico como elemento inicial Odontología
9 (RLIN) 546
650 #4 - PUNTO DE ACCESO ADICIONAL DE MATERIA--TÉRMINO DE MATERIA
Término de materia o nombre geográfico como elemento inicial FILOSOFÍA
9 (RLIN) 77
700 1# - PUNTO DE ACCESO ADICIONAL--NOMBRE DE PERSONA
Nombre de persona Martinovich, Viviana.
942 ## - ELEMENTOS DE PUNTO DE ACCESO ADICIONAL (KOHA)
Tipo de ítem Koha Libros
Fuente del sistema de clasificación o colocación Clasificación Decimal Universal
Existencias
Estado de retiro Estado de pérdida Fuente del sistema de clasificación o colocación Estado dañado Excepción de préstamo Código de colección Localización permanente Ubicación/localización actual Ubicación en estantería Fecha de adquisición Número de inventario Total de préstamos Signatura topográfica completa Código de barras Fecha visto por última vez Fecha del último préstamo Número de copia Precio válido a partir de Tipo de ítem Koha
    Clasificación Decimal Universal     Odontología BIBLIOTECA RIOBAMBA BIBLIOTECA RIOBAMBA BIBLIOTECA RIOBAMBA 16/06/2015 1923 1 616 BOT 1923 29/05/2017 29/05/2017 1 16/06/2015 Libros